00888nam a2200277Ia 4500003000400000005001700004008004100021020001800062040000700080041000800087082001900095100002600114245004300140250000600183260002500189300001500214365001200229650002700241650002300268700003000291710003000321906004800351942001200399999001900411952018000430OSt20260227102610.0210719s2015 xx 000 0 und d a9789332545007 cAL aeng a647.94068 HAYF aHayes David K9257019 aFoundations of lodging management Ed 2 a2 aNoidabPearsonc2015 aiv,389bPB b695cRs aHome Economics9257020 aManagement9257021 aNinemeier, Jack D9257022 aMiller, Allisha A9257023 a2 ; Ed ; Foundations ; lodging ; management 2ddccBK c212053d212053 00102ddc40708MANaALbALd2021-03-16eBiblios Book Point, Surathkal-575014 | General Annualg695.00l0o647.94068 HAYFp074867r2021-07-19 00:00:00v521.25w2021-07-19yBK